000 00683cam a22002413a 4500
001 30449
003 PGUSA
005 20140828083646.0
008 091110s2009||||xxu|||||s|||||000 | eng d
040 _aPGUSA
_beng
042 _adc
050 4 _aBV
100 1 _aMoody, Dwight Lyman,
_d1837-1899
245 1 4 _aThe Way to God and How to Find It
_h[electronic resource] /
_cDwight Lyman Moody
260 _bProject Gutenberg,
_c2009
506 _aPublic domain in the USA.
516 _aElectronic text
653 _aSermons, American
653 _aEvangelistic sermons
830 0 _aProject Gutenberg
_v30449
856 4 0 _uhttp://www.gutenberg.org/ebooks/30449
942 _cEB
999 _c259704
_d259704